000 00824nam a2200193 i 4500
001 164484
003 ES-MaACL
005 20250921063037.0
008 970414s1884 sp |||| | spa d
040 _aCYL
_bspa
_cCYL
100 1 _aSalvá, Melchor,
_d1834-1918
_9102056
245 1 4 _aUna nota acerca de Virgilio en el XIX centenario de su muerte
_b: memoria leida ante la Real Academia de Ciencias Morales y Políticas /
_cpor Sr. D. Melchor Salvá.
260 _aMadrid :
_b[s.n.],
_c1884 (
_fTipografía Gutenberg)
300 _a12 p. ;
_c26 cm.
600 0 4 _aVirgilio Marón, Publio.
_9115452
710 2 _aReal Academia de Ciencias Morales y Políticas (España)
_9222050
852 _aES-MaACL
_jT-384-F-3
_z-- Enc. hol., falto de la cub. original
_z-- Enc. en un vol. facticio
999 _c164484
_d164484